Central Library OPAC University of Rajshahi

A guide to the business world : (Record no. 2360)

MARC details
000 -LEADER
fixed length control field 00611nam a2200229 a 4500
001 - CONTROL NUMBER
control field 2360
003 - CONTROL NUMBER IDENTIFIER
rucl marc code BD-RjUL
005 - DATE AND TIME OF LATEST TRANSACTION
control field 20211208233530.0
008 - FIXED-LENGTH DATA ELEMENTS--GENERAL INFORMATION
fixed length control field 131211s1968 enk | 0 eng d
035 ## - SYSTEM CONTROL NUMBER
System control number (BD-RjUL)
System control number (BD-RjUL)2387
040 ## - CATALOGING SOURCE
Original cataloging agency WHCC
Language of cataloging eng
Transcribing agency WHCC
Modifying agency BD-RjUL
041 ## - LANGUAGE CODE
Language code of text/sound track or separate title eng
082 ## - DEWEY DECIMAL CLASSIFICATION NUMBER
Author mark and year PAG 1968
Edition number 18
Classification number 380.0942
100 1# - MAIN ENTRY--PERSONAL NAME
Personal name Packman, Ronald.
9 (RLIN) 7650
245 12 - TITLE STATEMENT
Title A guide to the business world :
Remainder of title with summaries /
260 ## - PUBLICATION, DISTRIBUTION, ETC. (IMPRINT)
Place of publication, distribution, etc. London:
Name of publisher, distributor, etc. Longman,
Date of publication, distribution, etc. 1968
300 ## - PHYSICAL DESCRIPTION
Pagination vi, 348p. ;
Size 20cm.
504 ## - BIBLIOGRAPHY, ETC. NOTE
Bibliography, etc Includes Index
650 #0 - SUBJECT ADDED ENTRY--TOPICAL TERM
Topical term or geographic name as entry element Economics
Geographic subdivision Great Britain.
9 (RLIN) 7508
942 ## - ADDED ENTRY ELEMENTS (KOHA)
Source of classification or shelving scheme Dewey Decimal Classification
Koha item type Books
Holdings
Lost status Source of classification or shelving scheme Damaged status Not for loan Collection code Permanent Location Current Location Shelving location Date acquired Source of acquisition Cost, normal purchase price Total Checkouts Full call number Date last seen Copy number Koha item type
  Dewey Decimal Classification     Non-fiction Central Library, University of Rajshahi Central Library, University of Rajshahi   17/04/1974 book center 25.00   380.0942 PAG 1968 11/12/2013 C-3 Books
  Dewey Decimal Classification     Non-fiction Central Library, University of Rajshahi Central Library, University of Rajshahi   17/04/1974 Book Center 25.00   380.0942 PAG 1968 11/12/2013 C-4 Books
  Dewey Decimal Classification   Not For Loan Non-fiction Central Library, University of Rajshahi Central Library, University of Rajshahi Reading Room 17/04/1974 Book Center 25.00   380.0942 PAG 1968 11/12/2013 C-1 Books
  Dewey Decimal Classification     Non-fiction Central Library, University of Rajshahi Central Library, University of Rajshahi   17/04/1974 Book Center 25.00   380.0942 PAG 1968 11/12/2013 C-2 Books